Elliptic curves
保存先:
| 第一著者: | |
|---|---|
| フォーマット: | 図書 |
| 言語: | Undetermined |
| 出版事項: |
New Delhi, India
Narosa Publishing House
2006
|
| 主題: | |
| タグ: |
タグ追加
タグなし, このレコードへの初めてのタグを付けませんか!
|
| Thư viện lưu trữ: | Trung tâm Học liệu Trường Đại học Cần Thơ |
|---|
| LEADER | 00683nam a2200193Ia 4500 | ||
|---|---|---|---|
| 001 | CTU_128504 | ||
| 008 | 210402s9999 xx 000 0 und d | ||
| 020 | |c 853000 | ||
| 082 | |a 516.352 | ||
| 082 | |b E46 | ||
| 100 | |a R. V. Gurjar ... [et al.] | ||
| 245 | 0 | |a Elliptic curves | |
| 245 | 0 | |c R. V. Gurjar ... [et al.] | |
| 260 | |a New Delhi, India | ||
| 260 | |b Narosa Publishing House | ||
| 260 | |c 2006 | ||
| 650 | |a Curves, Elliptic.,Curves, Algebraic.,Group schemes ( Mathematics ),Những đường cong, Ellipse,Những đường cong, Đại số,Sơ đồ nhóm ( Toán học ) | ||
| 904 | |i Minh | ||
| 980 | |a Trung tâm Học liệu Trường Đại học Cần Thơ | ||